'C' Countries by Length Quiz Stats

Quiz Updated Jul 14, 2016

Challenge
Share
Tweet
Embed
Score 0/8 Timer 01:00
7 Plays Today
Length Country/Countries % Correct
4Cuba, Chad
91.2%
5Chile, China
90.9%
8Colombia, Cambodia, Cameroon
86.5%
6Canada, Cyprus
78.4%
7Croatia, Comoros, Czechia
69.6%
22Central African Republic
52.7%
9Cabo Verde, Costa Rica
45.4%
11Côte d'Ivoire
22.2%

You're not logged in!

Compare scores with friends on all Sporcle quizzes.
Join for Free
OR
Log In

You Might Also Like...

Show Comments

Extras

Top Quizzes Today


Score Distribution

Your Account Isn't Verified!

In order to create a playlist on Sporcle, you need to verify the email address you used during registration. Go to your Sporcle Settings to finish the process.

Report this User

Report this user for behavior that violates our Community Guidelines.

Details: